Normal view
MARC view
Entry Topical Term
001 - CONTROL NUMBER
- control field: 25630
003 - CONTROL NUMBER IDENTIFIER
- control field: ARRUPE
005 - DATE AND TIME OF LATEST TRANSACTION
- control field: 20160913092728.0
008 - FIXED-LENGTH DATA ELEMENTS
- fixed length control field: 160913|| aca||aabn | a|a d
040 ## - CATALOGING SOURCE
- Original cataloging agency: ARRUPE
- Transcribing agency: ARRUPE
150 ## - HEADING--TOPICAL TERM
- Topical term or geographic name as entry element: Christianity
- Chronological subdivision: 20th century.
- General subdivision: Addresses
670 ## - SOURCE DATA FOUND
- Source citation: Work cat.: (ARRUPE)0: Bloy, Myron B. 25629, The crisis of cultural change,, [1965]